Administrative theory / (Record no. 50082)
[ view plain ]
| 000 -LEADER | |
|---|---|
| fixed length control field | 01071cam a2200289K 4500 |
| 001 - CONTROL NUMBER | |
| control field | 50082 |
| 003 - CONTROL NUMBER IDENTIFIER | |
| rucl marc code | BD-RjUL |
| 005 - DATE AND TIME OF LATEST TRANSACTION | |
| control field | 20211209075444.0 |
| 008 - FIXED-LENGTH DATA ELEMENTS--GENERAL INFORMATION | |
| fixed length control field | 160823s1959 nyu o 000 0 eng d |
| 020 ## - INTERNATIONAL STANDARD BOOK NUMBER | |
| International Standard Book Number | 0130074357 |
| 035 ## - SYSTEM CONTROL NUMBER | |
| System control number | BD-RjUL50202 |
| System control number | (OCoLC)578105066 |
| 040 ## - CATALOGING SOURCE | |
| Original cataloging agency | OCLCE |
| Language of cataloging | eng |
| Transcribing agency | OCLCE |
| Modifying agency | OCLCQ |
| 041 ## - LANGUAGE CODE | |
| Language code of text/sound track or separate title | eng |
| 082 04 - DEWEY DECIMAL CLASSIFICATION NUMBER | |
| Classification number | 371.2 |
| Author mark and year | GRA 1959 |
| 100 1# - MAIN ENTRY--PERSONAL NAME | |
| Personal name | Griffiths, Daniel Edward, |
| Dates associated with a name | 1917- |
| 9 (RLIN) | 150106 |
| 245 10 - TITLE STATEMENT | |
| Title | Administrative theory / |
| Statement of responsibility, etc. | Daniel Edward Griffiths |
| 260 ## - PUBLICATION, DISTRIBUTION, ETC. (IMPRINT) | |
| Place of publication, distribution, etc. | New York : |
| Name of publisher, distributor, etc. | Appleton-Century-Crofts, |
| Date of publication, distribution, etc. | [1959] |
| 300 ## - PHYSICAL DESCRIPTION | |
| Pagination | 123 p. ; |
| Size | 23 cm. |
| 490 0# - SERIES STATEMENT | |
| Series statement | Current problems in education |
| 506 ## - RESTRICTIONS ON ACCESS NOTE | |
| Materials specified | Use copy |
| Standardized terminology for access restriction | Restrictions unspecified |
| Source of term | star |
| Institution to which field applies | MiAaHDL |
| 650 #0 - SUBJECT ADDED ENTRY--TOPICAL TERM | |
| Topical term or geographic name as entry element | School management and organization. |
| 9 (RLIN) | 150107 |
| 776 08 - ADDITIONAL PHYSICAL FORM ENTRY | |
| Relationship information | Print version: |
| Main entry heading | Griffiths, Daniel Edward, 1917- |
| Title | Administrative theory. |
| Place, publisher, and date of publication | New York, Appleton-Century-Crofts [1959] |
| Record control number | (DLC) 59011995 |
| -- | (OCoLC)186539 |
| 856 40 - ELECTRONIC LOCATION AND ACCESS | |
| Materials specified | HathiTrust Digital Library |
| Uniform Resource Identifier | <a href="http://catalog.hathitrust.org/api/volumes/oclc/186539.html">http://catalog.hathitrust.org/api/volumes/oclc/186539.html</a> |
| 942 ## - ADDED ENTRY ELEMENTS (KOHA) | |
| Source of classification or shelving scheme | Dewey Decimal Classification |
| Koha item type | Books |
| Lost status | Source of classification or shelving scheme | Damaged status | Not for loan | Collection code | Permanent Location | Current Location | Shelving location | Date acquired | Source of acquisition | Cost, normal purchase price | Total Checkouts | Full call number | Date last seen | Copy number | Koha item type |
|---|---|---|---|---|---|---|---|---|---|---|---|---|---|---|---|
| Dewey Decimal Classification | Non-fiction | Central Library, University of Rajshahi | Central Library, University of Rajshahi | 12/04/1977 | Heffer and sons | 2.90 | 371.2 GRA 1959 | 23/08/2016 | C-2 | Books | |||||
| Dewey Decimal Classification | Non-fiction | Central Library, University of Rajshahi | Central Library, University of Rajshahi | 12/04/1977 | Heffer and sons | 2.90 | 371.2 GRA 1959 | 23/08/2016 | C-3 | Books | |||||
| Dewey Decimal Classification | Non-fiction | Central Library, University of Rajshahi | Central Library, University of Rajshahi | 12/04/1977 | Heffer and sons | 2.90 | 371.2 GRA 1959 | 23/08/2016 | C-4 | Books |